Français - Grammaire - Statistiques

Statistiques générales
  • Ce quiz a été pris 70 fois
  • Le résultat moyen est 10 sur 25
Statistiques - réponses
Questions Réponses % Correct
Fastidieux Adjectif
100%
Paris Nom propre
98%
Gâteau Nom commun
95%
Fendre Verbe
90%
Car Conjonction de coordination
61%
Violemment Adverbe
57%
Mais Conjonction de coordination
54%
Choir Verbe
54%
Panier Nom commun
52%
Changement Nom commun
48%
Splash Onomatopée
46%
Sur Préposition
34%
Par Préposition
33%
Ce Déterminant démonstratif
28%
Hélas Interjection
28%
Donc Adverbe
21%
Il veut que j'aille avec elle. Il {sujet}
21%
Elle est intelligente Intelligente {attribut du sujet}
15%
Je la donne à mon amie. La {COD}
15%
Si bien que Conjonction de subordination
13%
Comme Conjonction de subordination
8%
Pronom relatif
8%
Vous laissez la fenêtre ouverte. Ouverte {attribut du COD}
3%
Toi Pronom personnel tonique
3%
Bien qu'il fasse froid, ils vont se baigner. Bien qu'il fasse froid {CC de concession}
2%
Aucun quiz correspondant
Distribution des résultats
% des personnes avec chaque résultat
Percentile par nombre de réponses
Votre historique - résultats
Vous n’avez pas pris ce quiz